Central Library OPAC University of Rajshahi

The characters of theophrastus / (Record no. 21954)

MARC details
000 -LEADER
fixed length control field 00856cam a2200265u 4500
001 - CONTROL NUMBER
control field 21954
003 - CONTROL NUMBER IDENTIFIER
rucl marc code BD-RjUL
005 - DATE AND TIME OF LATEST TRANSACTION
control field 20211209000741.0
008 - FIXED-LENGTH DATA ELEMENTS--GENERAL INFORMATION
fixed length control field 140306r19531929enk 000 0 eng
035 ## - SYSTEM CONTROL NUMBER
System control number (BD-RjUL)22019
040 ## - CATALOGING SOURCE
Original cataloging agency DLC
Transcribing agency CarP
Modifying agency DLC
-- BD-RjUL
Language of cataloging eng
041 1# - LANGUAGE CODE
Language code of text/sound track or separate title enggrc
Language code of original grc
082 ## - DEWEY DECIMAL CLASSIFICATION NUMBER
Classification number 848.407
Author mark and year THC 1953
100 1# - MAIN ENTRY--PERSONAL NAME
Personal name Theophrastus.
9 (RLIN) 45437
245 04 - TITLE STATEMENT
Title The characters of theophrastus /
Statement of responsibility, etc. newly edited and translated by J. M. Edmonds.
260 ## - PUBLICATION, DISTRIBUTION, ETC. (IMPRINT)
Place of publication, distribution, etc. London :
Name of publisher, distributor, etc. William Heinemann,
Date of publication, distribution, etc. [Reprinted 1953].
300 ## - PHYSICAL DESCRIPTION
Pagination vii, 363 p. ;
Size 17 cm.
504 ## - BIBLIOGRAPHY, ETC. NOTE
Bibliography, etc Includes bibliographical references and index.
650 #0 - SUBJECT ADDED ENTRY--TOPICAL TERM
Topical term or geographic name as entry element Character sketches
Form subdivision Early works to 1800.
9 (RLIN) 67791
700 1# - ADDED ENTRY--PERSONAL NAME
Personal name Edmonds, J. M.
942 ## - ADDED ENTRY ELEMENTS (KOHA)
Source of classification or shelving scheme Dewey Decimal Classification
Koha item type Books
Holdings
Lost status Source of classification or shelving scheme Damaged status Not for loan Collection code Permanent Location Current Location Shelving location Date acquired Source of acquisition Cost, normal purchase price Total Checkouts Full call number Date last seen Koha item type
  Dewey Decimal Classification   Added to bundle Fiction Central Library, University of Rajshahi Central Library, University of Rajshahi Reading Room 10/03/1955 Sipkim Marshell 15.00   848.407 THC 1953 06/03/2014 Books